000 00595cam a2200217ua 4500
001 1906
008 110806n ii |||gr||||Z||||||eng
020 _a81-207-0376-6
040 _cMAIN
082 _a371.33
100 _aSampath, K.,
_eAuthor.
245 1 _aIntroduction to educational technlogy
_cby K. Sampath
250 _a3rd.
260 _aNew Delhi:
_bSterling publishers pvt. ltd,994.
300 _a348p:
_c23cm.
653 _aEducation
653 _aIntroduction to educational technlogy
700 _aPanneerselvam, A,
_eAuthor.
700 _aSanthanam, S,
_eAuthor.
942 _cBK
999 _c1781
_d1781